书目信息 |
| 题名: |
以德治国方法论
|
|
| 作者: | 高国安 著 | |
| 分册: | ||
| 出版信息: | 北京 中国人民大学出版社 2002 |
|
| 页数: | 333页 | |
| 开本: | 20cm | |
| 丛书名: | ||
| 单 册: | ||
| 中图分类: | D648.3 | |
| 科图分类: | ||
| 主题词: | 社会公德教育--研究--中国 , 社会公德教育 | |
| 电子资源: | ||
| ISBN: | 7-80162-277-4 | |
| 000 | 00617oam2 2200217 450 | |
| 001 | 05002723250 | |
| 005 | 20260409163700.90 | |
| 010 | @a7-80162-277-4@dCNY20.00 | |
| 100 | @a20041102d2002 ekmy0chiy0120 ea | |
| 101 | 0 | @achi |
| 105 | @ay z 000yy | |
| 200 | 1 | @a以德治国方法论@Ayi de zhi guo fang fa lun@f高国安等著@Fgao guo an deng zhu |
| 210 | @a北京@c中国人民大学出版社@d2002 | |
| 215 | @a333页@d20cm | |
| 606 | 0 | @a社会公德教育@x研究@y中国 |
| 606 | 0 | @a社会公德教育 |
| 690 | @aD648.3@v4 | |
| 701 | 0 | @a高国安@Agao guo an@4著 |
| 801 | 0 | @aCN@bCXYBOOK@c20070719 |
| 905 | @a10447@dD648.3@e122 | |
| 999 | @aHSJ | |
| 以德治国方法论/高国安等著.-北京:中国人民大学出版社,2002 |
| 333页;20cm |
| ISBN 7-80162-277-4:CNY20.00 |
| ● |
| 相关链接 |
|
|
|
|
正题名:以德治国方法论
索取号:D648.3/122
 
预约/预借
| 序号 | 登录号 | 条形码 | 馆藏地/架位号 | 状态 | 备注 |
| 1 | 0765811 | 207658113 | 第一样本阅览室/ [索取号:D648.3/122] | 在馆 | |
| 2 | 0766031 | 207660315 | 第一借阅区/ [索取号:D648.3/122] | 在馆 | |
| 3 | 0766035 | 207660351 | 第一借阅区/ [索取号:D648.3/122] | 在馆 | |
| 4 | 0766218 | 207662180 | 密集书库/ [索取号:D648.3/122] | 在馆 | |
| 5 | 0767290 | 207672909 | 密集书库/ [索取号:D648.3/122] | 在馆 | |
| 6 | 0768046 | 207680464 | 密集书库/ [索取号:D648.3/122] | 在馆 | |
| 7 | 0768101 | 207681016 | 第一借阅区/ [索取号:D648.3/122] | 在馆 | |
| 8 | 0769871 | 207698712 | 密集书库/ [索取号:D648.3/122] | 在馆 | |
| 9 | 0770059 | 207700594 | 密集书库/ [索取号:D648.3/122] | 在馆 | |
| 10 | 1442421 | 214424210 | 第一借阅区/ [索取号:D648.3/122] | 在馆 |